000 00288 a2200145 4500
001 164181
020 _a
040 _cMagnum
100 _a-
240 1 0 _aOs pensadores: heidegger
_lpor
245 1 0 _aOs pensadores: heidegger
362 0 _a1899
697 _aFILOSOFIA
942 _cBK
999 _c164181
_d164181